Score 0/30 Timer 03:00
2 Plays Today
Hint Answer % Correct
____ Mandela - President of South AfricaNelson
98.7%
____ Bonaparte - French dictatorNapoleon
97%
____ Armstrong - astronautNeil
95.1%
Richard ____ - US PresidentNixon
94.9%
Isaac ____ - physicistNewton
94.9%
____ - Roman emperorNero
90.8%
Florence ____ - nursing pioneerNightingale
87.5%
____ Pelosi - US Speaker of the HouseNancy
80.4%
____ Tesla - inventorNikola
74.2%
____ Turner - slave uprising leaderNat
66.1%
____ Khrushchev - Soviet leaderNikita
63.7%
____ Bohr - physicistNiels
57.9%
Jawaharlal ____ - Prime Minister of IndiaNehru
56.1%
____ Chomsky - linguistNoam
52.7%
____ Kelly - Australian outlawNed
50.6%
Hint Answer % Correct
____ Bly - journalistNellie
45.9%
Gamal Abdel ____ - President of EgyptNasser
44.3%
Pablo ____ - Chilean poetNeruda
43%
Friedrich ____ - philosopherNietzsche
42.8%
____ Machiavelli - political philosopherNiccolò
38%
____ - Great Royal Wife of AkhenatenNefertiti
27.7%
____ Copernicus - astronomerNicolaus
22%
____ Ceaușescu - President of RomaniaNicolae
17.2%
Imre ____ - Hungarian politicianNagy
16.1%
Alexander ____ - Medieval Russian heroNevsky
15.9%
____ Dinh Diem - President of South VietnamNgo
13.3%
Oda ____ - Japanese unification leaderNobunaga
10.2%
____ Văn Thiệu - President of South VietnamNguyễn
9.8%
____ Shāh Afshār - Shah of PersiaNāder
4.8%
____ Krupskaya - wife of LeninNadezhda
3.7%

Today's Daily Dose

Missing Word
Entertainment W

Word Ladder
Minecraft Ores

Quick Pick
'Lady' Movies

Come Together.
Have Fun.
All Virtual.
We all need to come together. Play Sporcle's virtual live trivia to have fun, connect with people, and get your trivia on. Join a live hosted trivia game for your favorite pub trivia experience done virtually. If a virtual private party is more your thing, go here for details.

You're not logged in!

Compare scores with friends on all Sporcle quizzes.
OR
Log In

Sporcle TV

Today on Sporcle TV


Watch our educational content, quiz creation guides, and fun videos on Sporcle TV.

Show Comments

Extras

Top Quizzes Today


Score Distribution

Paid Content

Your Account Isn't Verified!

In order to create a playlist on Sporcle, you need to verify the email address you used during registration. Go to your Sporcle Settings to finish the process.

Report this User

Report this user for behavior that violates our Community Guidelines.

Details: